Ciudad tardorromana, ľites locales y patrimonio inmobiliario un anl̀isis jurd̕ico a la luz del cd̤igo teodosiano /

Bibliographic Details
Main Author: Malav ̌Osuna, Belň
Format: eBook
Language:Spanish
Published: Madrid: Dykinson, 2018
Subjects:
Online Access:Acceso restringido

MARC

LEADER 00000nam a22000007a 4500
005 20190807004933.0
007 cr|||| ||||
008 190807s2018 es |||||s|||| 00||0 spa d
020 |a 978-84-1324-024-4 
035 |a 23770 
040 |a vLex 
090 |c 9120  |d 9120 
100 1 |a Malav ̌Osuna, Belň 
245 1 0 |a Ciudad tardorromana, ľites locales y patrimonio inmobiliario  |h [Recurso electrn̤ico] :  |b un anl̀isis jurd̕ico a la luz del cd̤igo teodosiano /  |c Belň Malav ̌Osuna 
256 |a Servicio en ln̕ea 
260 |a Madrid:  |b Dykinson,  |c 2018 
300 |a 1 recurso electrn̤ico 
506 1 |a Disponible solo en los productos indicados  |d vLex Global  |d vLex Global (Academic Edition, excluding Law Schools)  |d vLex Global (U.S. Academic Edition, Law Schools)  |d vLex Global (U.S. Academic Edition, excluding Law Schools)  |d vLex Global (Academic Edition, Law Schools) 
650 0 4 |a Derecho Militar  |z Espaą 
740 0 |a vLex Libros (Servicio en ln̕ea) 
856 4 0 |u http://vlex.com/source/ciudad-tardorromana-elites-locales-patrimonio-inmobiliario-analisis-juridico-luz-codigo-teodosiano-23770  |z Acceso restringido 
942 |c BOOK 
999 0 |a Military Law